000 00805nam a2200265 a 4500
008
020 _a0415099625 (pbk.)
049 _aMAIN
090 _aHG186.G7
_bBUR
100 1 _aBurton, Dawn.
245 1 0 _aFinancial services and the consumer /
_cDawn Burton.
260 _aLondon :
_bRoutledge,
_c1994.
300 _a133 p. ;
_c22 cm.
504 _aIncludes bibliographical references.
500 _aIncludes index.
650 0 _aFinancial services industry
_zGreat Britain.
650 0 _aFinancial services industry.
650 0 _aConsumers' preferences
_zGreat Britain.
650 0 _aConsumers' preferences.
907 _a.b10059805
_b06-11-12
_c17-04-03
003
005 20230123133235.0
040 _cNUST
942 _cBOOKS
_kHG186.G7
_mBUR
999 _c145179
_d145179